Top 3 Goal scorers of Every FIFA World Cup - Statistics

General Stats
  • This quiz has been taken 82 times
  • The average score is 36 of 89
Answer Stats
Year Goals Country Player % Correct
2014 4 Argentina Lionel Messi
96%
2022 7 Argentina Lionel Messi
96%
2002 8 Brazil Ronaldo
96%
2006 3 Brazil Ronaldo
96%
1970 10 West Germany Gerd Müller
95%
2018 4 France Kylian Mbappé
95%
2022 8 France Kylian Mbappé
95%
2010 5 Germany Thomas Müller
95%
2014 5 Germany Thomas Müller
95%
2018 6 England Harry Kane
87%
2006 5 Germany Miroslav Klose
85%
2010 4 Germany Miroslav Klose
85%
2018 4 Belgium Romelu Lukaku
83%
2014 4 Brazil Neymar
81%
2014 6 Colombia James Rodríguez
76%
2022 4 France Olivier Giroud
76%
1958 6 Brazil Pelé
76%
2018 4 France Antoine Griezmann
75%
1986 5 Argentina Diego Maradona
75%
2002 5 Brazil Rivaldo
75%
1994 5 Italy Roberto Baggio
69%
2022 4 Argentina Julián Álvarez
67%
2006 3 France Thierry Henry
67%
1998 6 Croatia Davor Šuker
63%
1998 5 Argentina Gabriel Batistuta
60%
1994 5 Brazil Romário
59%
1966 9 Portugal Eusébio
56%
1994 6 Bulgaria Hristo Stoichkov
56%
1958 13 France Just Fontaine
56%
2006 3 Argentina Maxi Rodríguez
56%
1982 6 Italy Paolo Rossi
53%
1986 6 England Gary Lineker
52%
1990 4 England Gary Lineker
52%
2010 4 Argentina Gonzalo Higuaín
49%
1982 4 Brazil Zico
49%
2010 5 Netherlands Wesley Sneijder
48%
1994 5 Germany Jürgen Klinsmann
47%
1962 4 Brazil Garrincha
45%
2006 3 Argentina Hernán Crespo
43%
1990 4 Cameroon Roger Milla
40%
1998 5 Italy Christian Vieri
37%
1978 6 Argentina Mario Kempes
37%
1970 7 Brazil Jairzinho
36%
1990 6 Italy Salvatore Schillaci
35%
1966 4 England Geoff Hurst
33%
1974 7 Poland Grzegorz Lato
33%
1982 5 West Germany Karl-Heinz Rummenigge
33%
1994 6 Russia Oleg Salenko
31%
1962 4 Brazil Vavá
28%
1974 5 Netherlands Johan Neeskens
25%
1954 11 Hungary Sándor Kocsis
25%
1982 4 Poland Zbigniew Boniek
25%
1986 5 Spain Emilio Butragueño
24%
1958 6 West Germany Helmut Rahn
23%
1962 4 Chile Leonel Sánchez
23%
1970 5 Peru Teófilo Cubillas
21%
1938 7 Brazil Leônidas
19%
1986 5 Brazil Careca
17%
2002 4 Denmark Jon Dahl Tomasson
17%
1966 4 West Germany Franz Beckenbauer
16%
1978 5 Netherlands Rob Rensenbrink
16%
1950 9 Brazil Ademir
15%
1930 8 Argentina Guillermo Stábile
13%
1950 4 Uruguay Alcides Ghiggia
12%
1962 4 Hungary Flórián Albert
12%
1994 5 Sweden Kennet Andersson
12%
1978 4 Argentina Leopoldo Luque
12%
1974 5 Poland Andrzej Szarmach
11%
1966 6 West Germany Helmut Haller
11%
1990 5 Czechoslovakia Tomáš Skuhravý
11%
1938 5 Italy Silvio Piola
9%
1934 5 Czechoslovakia Oldřich Nejedlý
8%
1962 4 Soviet Union Valentin Ivanov
7%
1934 4 Italy Angelo Schiavio
5%
1954 6 Switzerland Josef Hügi
5%
1930 5 Uruguay Pedro Cea
5%
1950 4 Brazil Chico
4%
1962 4 Yugoslavia Dražan Jerković
4%
1954 6 West Germany Max Morlock
4%
1930 4 USA Bert Patenaude
3%
1938 5 Hungary György Sárosi
3%
1938 5 Hungary Gyula Zsengellér
3%
1950 5 Uruguay Óscar Míguez
3%
1934 4 Germany Edmund Conen
1%
1954 6 Austria Erich Probst
1%
1966 4 Hungary Ferenc Bene
1%
1950 4 Spain Telmo Zarra
1%
1966 4 Soviet Union Valeriy Porkujan
1%
1950 4 Spain Estanislau Basora
0%
No matching quizzes found
Score Distribution
Percent of People with Each Score
Percentile by Number Answered
Your Score History
You have not taken this quiz